| 000 | 00804nam a22002657a 4500 | ||
|---|---|---|---|
| 005 | 20230512221909.0 | ||
| 008 | 180503t xxu||||| |||| 00| 0 eng d | ||
| 020 | _a9789812750198 | ||
| 040 | _cCSPC | ||
| 082 | 0 |
_a641.6374 _bB236g |
|
| 100 |
_aBardi, Carla _eauthor. |
||
| 245 | 0 | 0 |
_aThe golden book of chocolate _cCarla Bardi |
| 260 |
_aSingapore : _bPage One Publishing, _c2006. |
||
| 300 |
_a703 pages : _bimages ; _c22 cm. |
||
| 500 | _aIncludes Index. | ||
| 650 | 1 | 0 | _aCooking (Chocolate). |
| 650 | 1 | 0 | _aChocolate. |
| 650 | 1 | 0 | _aChocolate desserts. |
| 650 | 1 | 0 | _aChocolate drinks. |
| 700 | 1 |
_aBardi, Carla _eauthor. |
|
| 940 | _a123 | ||
| 942 |
_cBOOK _jCIR 641.6374 B236g 2006 |
||
| 999 |
_c3948 _d3948 |
||